| 000 | 00924nam a2200253 a 4500 | ||
|---|---|---|---|
| 001 | 64851 | ||
| 003 | BD-RjUL | ||
| 005 | 20211209081346.0 | ||
| 008 | 170223s1952 enk b 001 0 eng d | ||
| 035 | _a(BD-RjUL) | ||
| 040 |
_aBD-RjUL _cBD-RjUL _dBD-RjUL _beng |
||
| 041 | _aeng | ||
| 082 |
_223 _a942 _bHAC 1952 |
||
| 100 | 1 |
_aHarvey, Heather J. _q(Heather Joan) _9192259 |
|
| 245 | 1 | 0 |
_aConsultation and co-operation in the Commonwealth : _ba handbook on methods and practice / _cby Heather J. Harvey. |
| 260 |
_aLondon ; _aNew York : _bOxford University Press, _c1952. |
||
| 300 |
_aviii, 411 p. ; _c23 cm. |
||
| 500 | _a"Issued under the auspices of the Royal Institute of International Affairs." | ||
| 504 | _aIncludes bibliographical references and index. | ||
| 610 | 2 | 0 |
_aCommonwealth of Nations. _9192269 |
| 650 |
_aEngland and Wales _xCommonwealth of Nations. _9192261 |
||
| 942 |
_2ddc _cBK |
||
| 999 |
_c64851 _d64851 |
||